000 00744cam a2200253 a 4500
001 000004017
003 DO-SdBNP
005 20220927105021.0
007 ta
008 840920s1970 ve 000 f spa d
040 _aDO-SdBNP
_cBNPHU
_bspa
082 4 _a823.5
_bS977v
_222
100 1 _aSwift, Jonathan,
_d1667-1745
_912023
245 1 4 _aLos viajes de Gulliver /
_cJonathan Swift.
260 _aCaracas, Venezuela :
_bInstituto Nacional de Cultura y Bellas Artes,
_c1970.
300 _a305 p. ;
_c18 cm.
490 1 _aGrandes autores
_v7
590 _aInventariado, 2022 / DG
650 4 _aNovela irlandesa
_911511
650 4 _aLiteratura irlandesa
_911512
830 0 _aGrandes autores ;
_v7
_911295
910 _aDG
942 _2ddc
_cLBS1
999 _c3836
_d3836